| 000 | 00725nam a22002417a 4500 | ||
|---|---|---|---|
| 001 | 42096 | ||
| 003 | UA-OsUOA | ||
| 005 | 20210504212238.0 | ||
| 007 | ta | ||
| 008 | 20061024b un ||||| |||| 00| 0 ukr d | ||
| 040 |
_aUA-OsUOA _bukr _cUA-OsUOA _dUA-OsUOA |
||
| 041 | _aukr | ||
| 080 | _a82-94(477) | ||
| 090 |
_a82-94(477) _bШ24 |
||
| 100 | _aШаповал І. | ||
| 245 |
_aВ пошуках скарбів _bдокументальні оповідання |
||
| 260 |
_aК. _bДніпро _c1983 |
||
| 300 | _a321 с. | ||
| 650 | 7 |
_a82 Література. Літературознавство _2UDC |
|
| 942 |
_cBK _2udc |
||
| 955 | _a2 | ||
| 999 |
_c328202 _d328202 |
||